01416nam a2200361 a 4500001001200000003000800012006001900020007001500039008004100054010001700095020001500112020001800127020002700145040002100172035002100193041001300214050002400227082001900251245014600270260006600416300001500482504004100497533015200538546003300690650005100723650002800774650003600802655002900838700002700867700001700894710001700911856012600928ebr10601140CaPaEBRm u cr cn|||||||||101201s2010 gw sb 000 0 eng d z 2010549667 z3631604483 z9783631604489 z9783653004489 (e-book) aCaPaEBRcCaPaEBR a(OCoLC)8154777360 aengarus14aPN865b.S784 2010eb04a809/.9335522300aStereotypes in literatures and culturesh[electronic resource] :binternational reception studies /cRahilya Geybullayeva, Peter Orte (eds.). aFrankfurt am Main [Germany] ;aNew York :bPeter Lang,c2010. axv, 297 p. aIncludes bibliographical references. aElectronic reproduction.bPalo Alto, Calif. :cebrary,d2011.nAvailable via World Wide Web.nAccess may be limited to ebrary affiliated libraries. aText in English and Russian. 0aStereotypes (Social psychology) in literature. 0aComparative literature. 0aCulture conflict in literature. 7aElectronic books.2local1 aGeybullayeva, Rahilya.1 aOrte, Peter.2 aebrary, Inc.40uhttp://site.ebrary.com/lib/rucke/Doc?id=10601140zAn electronic book accessible through the World Wide Web; click to view